000 00515nam a2200145 a 4500
008 120416s1955 ||||||||||||||||| || u
050 _aTA 1145 Hen
100 _aHennes, Robert Graham
245 1 0 _aFundamentals of transportation engineering
250 _a2nd ed.
260 _aNew York
_bMcGraw-Hill
_c1955
300 _axvi, 613p. : ill.
350 _a0.00
995 _D0.00
_FCBU-MAIN LIBRARY (Kitwe)
_H1
_I3.50
_UAVAILABLE
_ZMain Library Open Access Collection
999 _c44215
_d44215